000 01097cam a2200253 a 4500
001 000010557
005 20200929162241.0
008 741028s1969 ve ac 001 0 spa d
040 _aDO-SdBNP
_bspa
_cDLC
_dNSyU
_dBNPHU
082 _a928.6
_bB224M
100 1 _aMillares Carlo, Agustín,
_d1893-1980.
_921293
245 1 0 _aRafael María Baralt, 1810-1860 :
_bestudio biográfico, crítico y bibliográfico /
_cAgustín Millares Carlo.
260 _aCaracas, Venezuela :
_bUniversidad Central de Venezuela,
_c1969.
300 _axiii, 484 p. :
_bil., retrs. ;
_c22 cm.
490 1 _aEdiciones de la Biblioteca de la Universidad Central de Venezuela
_v38
490 1 _aCiencias sociales
_v13
504 _aIncluye referencias bibliográficas (p. [231]-348).
600 1 4 _aBARALT, RAFAEL MARIA,
_d1810-1860.
_920697
600 1 4 _aBARALT, RAFAEL MARIA,
_d1810-1860.
_xCRÍTICA E INTERPRETACIÓN
_94102
830 0 _aEdiciones de la biblioteca de la Universidad Central de Venezuela ;
_v38
_925620
830 0 _aCiencias sociales ;
_v13
_913247
910 _aCatalogación por copia / LC
049 _aBNGR
999 _c10315
_d10315